<?xml version="1.0" encoding="UTF-8"?>
<record
    xmlns:xsi="http://www.w3.org/2001/XMLSchema-instance"
    xsi:schemaLocation="http://www.loc.gov/MARC21/slim http://www.loc.gov/standards/marcxml/schema/MARC21slim.xsd"
    xmlns="http://www.loc.gov/MARC21/slim">

  <leader>02809cam a22003254a 4500</leader>
  <controlfield tag="001">3069801</controlfield>
  <controlfield tag="005">20210414113933.0</controlfield>
  <controlfield tag="008">970307s1997    enka     be   001 0 eng  </controlfield>
  <datafield tag="010" ind1=" " ind2=" ">
    <subfield code="a">   97010307 </subfield>
  </datafield>
  <datafield tag="020" ind1=" " ind2=" ">
    <subfield code="a">1861521146</subfield>
  </datafield>
  <datafield tag="040" ind1=" " ind2=" ">
    <subfield code="a">DLC</subfield>
    <subfield code="c">DLC</subfield>
    <subfield code="d">DLC</subfield>
  </datafield>
  <datafield tag="050" ind1="0" ind2="0">
    <subfield code="a">HF1001.I53</subfield>
  </datafield>
  <datafield tag="082" ind1="0" ind2="0">
    <subfield code="a">650/.03</subfield>
    <subfield code="2">21</subfield>
  </datafield>
  <datafield tag="245" ind1="0" ind2="0">
    <subfield code="a">Concise international encyclopedia of business and management. /</subfield>
    <subfield code="c">edited by Malcolm Warner.</subfield>
  </datafield>
  <datafield tag="246" ind1="3" ind2="0">
    <subfield code="a">International encyclopedia of business and management</subfield>
  </datafield>
  <datafield tag="246" ind1="3" ind2="0">
    <subfield code="a">Encyclopedia of business and management</subfield>
  </datafield>
  <datafield tag="250" ind1=" " ind2=" ">
    <subfield code="a">1st ed.</subfield>
  </datafield>
  <datafield tag="260" ind1=" " ind2=" ">
    <subfield code="a">London, UK ;</subfield>
    <subfield code="a">Boston, Mass :</subfield>
    <subfield code="b">International Thomson Business Press,</subfield>
    <subfield code="c">c1997.</subfield>
  </datafield>
  <datafield tag="300" ind1=" " ind2=" ">
    <subfield code="a">xii, 788 p. :</subfield>
    <subfield code="b">ill. ;</subfield>
    <subfield code="c">26cm.</subfield>
  </datafield>
  <datafield tag="500" ind1=" " ind2=" ">
    <subfield code="a">Concise ed., with updated versions of 65 articles, of: International encyclopedia of business and management / edited by Malcolm Warner. 1996.</subfield>
  </datafield>
  <datafield tag="504" ind1=" " ind2=" ">
    <subfield code="a">Includes bibliographical references and index.</subfield>
  </datafield>
  <datafield tag="505" ind1=" " ind2=" ">
    <subfield code="a">Contents: Accounting -- Advertising strategy, international -- Auditing -- Banking -- Benchmarking -- Business economics -- Business ethics -- Business history -- Business strategies, east Asian -- Capital markets, regulation -- Consumer bahaviour -- Corporate governance -- Corporatism --Costing -- Creative accounting -- Decision making -- Downsizing -- Entrpreneurship -- Equal employment opportunities -- Financial statement analysis -- Futurology -- General management -- Globalization -- Guru concept -- Human resource management -- Industrial and labour relations -- Inflation accounting -- International business, future trends -- International business, legal dimensions of -- Inventory management, leadership, maintanace systems -- Management in Europe -- Management information systems -- Management in Japan -- Management in North America -- Managerial theories of the firm -- Marketing -- Markets -- Mergers, acquisitons and join ventures -- Multinational corporations, history of, -- Neo-classical economies -- Networks and organizations -- New product development -- Operations research -- Organization behaviour -- Organization culture -- Organization types -- Power -- Project management -- Public relations -- Purchasing -- Re-engineering -- Retailing -- Scheduling -- Small business strategy -- Strategy, concept of, -- Systems -- Technology strategy, international -- Time management -- Total quality management -- Women in management and business -- Work and leisure.</subfield>
  </datafield>
  <datafield tag="650" ind1=" " ind2="0">
    <subfield code="a">Business</subfield>
    <subfield code="v">Encyclopedias.</subfield>
  </datafield>
  <datafield tag="650" ind1=" " ind2="0">
    <subfield code="a">Management</subfield>
    <subfield code="v">Encyclopedias.</subfield>
  </datafield>
  <datafield tag="700" ind1="1" ind2=" ">
    <subfield code="a">Warner, Malcolm.</subfield>
  </datafield>
  <datafield tag="856" ind1="4" ind2="1">
    <subfield code="3">Table of contents</subfield>
    <subfield code="u">http://www.loc.gov/catdir/toc/fy044/97010307.html</subfield>
  </datafield>
  <datafield tag="906" ind1=" " ind2=" ">
    <subfield code="a">7</subfield>
    <subfield code="b">cbc</subfield>
    <subfield code="c">orignew</subfield>
    <subfield code="d">1</subfield>
    <subfield code="e">ocip</subfield>
    <subfield code="f">19</subfield>
    <subfield code="g">y-gencatlg</subfield>
  </datafield>
  <datafield tag="942" ind1=" " ind2=" ">
    <subfield code="2">lcc</subfield>
    <subfield code="c">BK</subfield>
  </datafield>
  <datafield tag="999" ind1=" " ind2=" ">
    <subfield code="c">811</subfield>
    <subfield code="d">8311</subfield>
  </datafield>
  <datafield tag="952" ind1=" " ind2=" ">
    <subfield code="0">0</subfield>
    <subfield code="1">0</subfield>
    <subfield code="2">lcc</subfield>
    <subfield code="4">0</subfield>
    <subfield code="7">0</subfield>
    <subfield code="a">WIUC-1</subfield>
    <subfield code="b">WIUC-1</subfield>
    <subfield code="c">GEN</subfield>
    <subfield code="d">2012-05-03</subfield>
    <subfield code="l">0</subfield>
    <subfield code="o">HF1001.I53</subfield>
    <subfield code="p">1966/12</subfield>
    <subfield code="r">2012-05-03 00:00:00</subfield>
    <subfield code="t">1</subfield>
    <subfield code="w">2012-05-03</subfield>
    <subfield code="y">BK</subfield>
  </datafield>
  <datafield tag="952" ind1=" " ind2=" ">
    <subfield code="0">0</subfield>
    <subfield code="1">0</subfield>
    <subfield code="2">lcc</subfield>
    <subfield code="4">0</subfield>
    <subfield code="7">0</subfield>
    <subfield code="a">WIUC-1</subfield>
    <subfield code="b">WIUC-1</subfield>
    <subfield code="c">GEN</subfield>
    <subfield code="d">2012-05-03</subfield>
    <subfield code="l">0</subfield>
    <subfield code="o">HF1001.I531</subfield>
    <subfield code="p">1967/12</subfield>
    <subfield code="r">2012-05-03 00:00:00</subfield>
    <subfield code="t">2</subfield>
    <subfield code="w">2012-05-03</subfield>
    <subfield code="y">BK</subfield>
  </datafield>
  <datafield tag="952" ind1=" " ind2=" ">
    <subfield code="0">0</subfield>
    <subfield code="1">0</subfield>
    <subfield code="2">lcc</subfield>
    <subfield code="4">0</subfield>
    <subfield code="7">0</subfield>
    <subfield code="a">WIUC-1</subfield>
    <subfield code="b">WIUC-1</subfield>
    <subfield code="c">GEN</subfield>
    <subfield code="d">2012-05-03</subfield>
    <subfield code="l">0</subfield>
    <subfield code="o">HF1001.I532</subfield>
    <subfield code="p">1968/12</subfield>
    <subfield code="r">2012-05-03 00:00:00</subfield>
    <subfield code="t">3</subfield>
    <subfield code="w">2012-05-03</subfield>
    <subfield code="y">BK</subfield>
  </datafield>
</record>
